| 000 | 01036nam a2200277 a 4500 | ||
|---|---|---|---|
| 001 | 40072 | ||
| 003 | BD-RjUL | ||
| 005 | 20211209053129.0 | ||
| 008 | 160421m19701982bg a|||| |||| 00| 0 ben d | ||
| 020 | _c: Tk. 7.00 | ||
| 035 | _a(BD-RjUL) 40187 | ||
| 040 |
_aBD-RjUL _bben _cBD-RjUL |
||
| 041 | _aben | ||
| 082 |
_223 _a301.7 _bAHP 1970-1982 |
||
| 100 |
_aআহমেদ, নিজাম উদ্দিন _9123168 |
||
| 245 | 1 | 0 |
_aপৃথিবীর আদিম সমাজ / _cনিজাম উদ্দিন আহমেদ |
| 250 | _a১ম সং. | ||
| 260 |
_aঢাকা : _bবাঙলা একাডেমী, _c১৯৭০-১৯৮২ |
||
| 300 |
_a৭, [তিন], ২০৮ পৃ. : _bচিত্র ; _c২১ সেমি. |
||
| 490 |
_aবা.এ. ; _v৩২৪ |
||
| 504 | _aগ্রন্থপঞ্জী সংযুক্ত | ||
| 650 |
_aআদিম সমাজ _9123424 |
||
| 650 |
_aPrimitive society _9123425 |
||
| 830 |
_aবা.এ. ; _v৩২৪ _9158101 |
||
| 942 |
_2ddc _cBK |
||
| 999 |
_c40072 _d40072 |
||